00345nam a2200157Ia 45000010006000000050017000060080041000230410008000640820017000721000022000892450023001112600009001343000028001436500008001716540008001791572320260306170217.0260306t2003||||xx |||||||||||||| ||und|| aESP a599.93bB169 aBoyd, RoberteAUT 0aHow humans evolved c2003 a544 páginas :c27 cm. aGEN aCCN